000 00593nam a22002417a 4500
003 UA-OsUOA
001 32179
007 ta
008 20050125b un ||||| |||| 00| 0 ukr d
100 _aРыбаков Б. А.
090 _a94(47+571)
_bР93
942 _cBK
040 _aUA-OsUOA
_brus
_cUA-OsUOA
_dUA-OsUOA
245 _aПервые века русской истории
300 _a240 с.
_bІлюстрації
955 _a0
041 _arus
080 _a94(47+571)
260 _aМосква
_bНаука
_c1964
044 _aRU
650 7 _2UDC
999 _c318618
_d318618